[Event "Top 12 FRA-chT 2017"]
[Site "Chartres"]
[Date "2017.05.28"]
[Round "11"]
[White "Kryvoruchko, Yuriy"]
[Black "Duda, Jan-Krzysztof"]
[Result "1/2-1/2"]
[WhiteElo "2714"]
[BlackElo "2693"]
[Annotator "TA"]
[PlyCount "37"]
[EventDate "2017.??.??"]
[EventType "team-tourn"]
[EventCountry "FRA"]
[SourceTitle "playchess.com"]
[Source "ChessBase"]
[SourceQuality "1"]
[WhiteTeam "Grasse Echecs"]
[BlackTeam "Bois-Colombes"]

{[%evp 20,25,9,9,9,9,9,21]} 1. e4 c5 2. c3 d5 3. exd5 Qxd5 4. d4 Nf6 5. Nf3 e6 6. Bd3 Be7 7. O-O O-O 8. c4 Qd8 9. dxc5 Na6 10. Nc3 Nxc5 11. Bc2 {LiveBook: 6 Games. The position is equal. B22: Sicilian: 2 c3} Qxd1 12. Rxd1 b6 13. Ne5 {[#]} {Predecessor:} Bb7 $146 14. f3 Rfd8 15. Be3 Bd6 16. Nd3 Nxd3 17. Rxd3 Be5 18. Rad1 Rxd3 19. Rxd3 {1-0 (60) Yagupov,I (2400)-Dolmatov,S (2610) Moscow 1992} 1/2-1/2

[Event "Top 12 FRA-chT 2017"]
[Site "Chartres"]
[Date "2017.05.28"]
[Round "11"]
[White "Jobava, Baadur"]
[Black "Wojtaszek, Radoslaw"]
[Result "1-0"]
[WhiteElo "2713"]
[BlackElo "2734"]
[Annotator "TA"]
[PlyCount "69"]
[EventDate "2017.??.??"]
[EventType "team-tourn"]
[EventCountry "FRA"]
[SourceTitle "playchess.com"]
[Source "ChessBase"]
[SourceQuality "1"]
[WhiteTeam "Tremblay-En-France"]
[BlackTeam "Clichy"]

{[%evp 9,69,-23,-10,-18,7,-18,-21,-17,-12,-36,-37,-47,-50,-44,-43,-40,-49,-69,-79,-65,-85,-63,-41,-72,29,-16,0,0,0,0,14,0,35,31,61,56,120,125,114,120,175,120,134,142,147,71,83,82,218,196,211,179,183,147,373,359,439,431,608,595,2285,2412]} 1. b3 d5 2. Bb2 Bg4 3. f3 Bf5 4. e3 e6 5. Ne2 Nc6 $146 ({Predecessor:} 5... c5 6. h4 h5 7. Nf4 Be7 8. Bxg7 Bxh4+ 9. Ke2 Rh7 10. Bb2 Nc6 11. Na3 {1-0 (42) Harikrishna,P (2727)-Wojtaszek,R (2744) Beijing 2014}) 6. Nbc3 {A01: Nimzowitsch-Larsen Opening} h6 {[%cal Bh7h6,Bh6h5,Bh5h4][%mdl 32]} 7. Ng3 Bh7 8. Bb5 {The position is equal.} Nge7 9. Nce2 a6 10. Bd3 Bxd3 11. cxd3 h5 12. O-O Qd7 13. f4 h4 14. Nh1 Nf5 15. Nf2 Be7 16. Rc1 O-O (16... O-O-O $17) 17. a3 (17. g4 $5 {[%cal Rg4f5]} hxg3 18. hxg3 $11) 17... a5 18. g4 hxg3 19. hxg3 f6 20. Kg2 Nh6 21. Rh1 f5 22. Ng1 Bf6 (22... d4 $14) 23. Bxf6 $16 Rxf6 24. d4 Qe7 {[#]} (24... Rc8 $16 25. Qh5 Qf7) 25. Nf3 ({White should try} 25. Qh5 $1 $18) 25... Qxa3 26. Ne5 Qe7 27. g4 (27. Nxc6 $142 bxc6 28. Rxc6) 27... fxg4 28. Nfxg4 Nxe5 (28... Nxg4 $16 29. Qxg4 (29. Nxc6 Nxe3+ 30. dxe3 bxc6 $11) 29... Qe8 30. Nxc6 bxc6) 29. Nxf6+ $18 ({But not} 29. Nxe5 $6 Nf5 $16) 29... Qxf6 30. dxe5 Qg6+ 31. Kf3 Rf8 $2 (31... c6 $16 {might work better.} 32. Qf1 (32. Qg1 Qxg1 33. Rcxg1 Nf5 $16) 32... Qe4+ 33. Kf2 d4) 32. Qg1 Qe4+ {[#]} 33. Kf2 $1 {White is clearly winning.} ({Weaker is} 33. Ke2 Rxf4 34. Rxc7 Nf5 $11) 33... Kh7 (33... Nf7 $142 34. Qg4 Qxe5 35. fxe5 Nxe5+ 36. Qf4 Nd3+ 37. Kg3 Nxf4) 34. Qg5 {White threatens Rxh6+! and mate.} Rf7 35. Rcg1 {Precision: White = 56%, Black = 36%.} 1-0

[Event "Top 12 FRA-chT 2017"]
[Site "Chartres"]
[Date "2017.05.28"]
[Round "11"]
[White "Rodshtein, Maxim"]
[Black "Stephan, Victor"]
[Result "1-0"]
[WhiteElo "2698"]
[BlackElo "2365"]
[Annotator "TA"]
[PlyCount "33"]
[EventDate "2017.??.??"]
[EventType "team-tourn"]
[EventCountry "FRA"]
[SourceTitle "playchess.com"]
[Source "ChessBase"]
[SourceQuality "1"]
[WhiteTeam "Bischwiller"]
[BlackTeam "Lisieux"]

{[%evp 12,33,40,39,37,40,40,44,36,36,308,307,316,316,320,315,322,320,358,364,349,366,361,364]} 1. d4 d5 2. c4 c5 3. cxd5 Qxd5 4. Nf3 {[%cal Bg1f3,Bf3d4,Bd4b5][%mdl 32]} cxd4 5. Nc3 Qa5 6. Nxd4 {D06: Queen's Gambit: Symmetrical and Baltic Defences} Nf6 (6... e5 7. Nb3 Qc7 8. Nd5 Qd8 9. e4 Nc6 10. Bb5 a6 11. Bxc6+ bxc6 {½-½ (49) Akobian,V (2633)-Mamedyarov,S (2766) chess.com INT 2017}) 7. Bd2 {LiveBook: 3 Games} e5 8. Ndb5 {Threatens to win with Nd5!White is slightly better.} Qb6 9. e4 $146 {aiming for Be3.} ({Predecessor:} 9. Be3 Bc5 10. Bxc5 Qxc5 11. g3 {½-½ (32) Malin,D (2065)-Rashitov,D (2240) ICCF email 2014}) 9... a6 {White must now prevent ...Bc5.} 10. Be3 Bc5 $2 {[%mdl 8192]} (10... Qa5 $14 11. Nd6+ Bxd6 12. Qxd6 Nc6) 11. Bxc5 $18 Qxc5 {[#]} 12. Rc1 $1 Bg4 13. Nd5 Bxd1 14. Rxc5 O-O 15. Nxf6+ (15. Kxd1 axb5 16. Nxf6+ (16. Rxb5 Nxe4 17. Ne7+ Kh8 $17) 16... gxf6 $14) 15... gxf6 {[#]} 16. Nc7 $1 {[%cal Rc7a8]} ({Weaker is} 16. Kxd1 axb5 17. Bxb5 Rxa2 $14) 16... Nd7 17. Rc1 1-0

[Event "Top 12 FRA-chT 2017"]
[Site "Chartres"]
[Date "2017.05.28"]
[Round "11"]
[White "Bacrot, Etienne"]
[Black "Coursaget, Nicolas"]
[Result "1-0"]
[WhiteElo "2696"]
[BlackElo "2311"]
[Annotator "TA"]
[PlyCount "77"]
[EventDate "2017.??.??"]
[EventType "team-tourn"]
[EventCountry "FRA"]
[SourceTitle "playchess.com"]
[Source "ChessBase"]
[SourceQuality "1"]
[WhiteTeam "Bischwiller"]
[BlackTeam "Lisieux"]

{[%evp 23,77,58,59,60,84,64,135,141,141,107,133,124,110,87,174,165,237,231,281,279,384,391,342,260,513,442,433,341,341,347,449,450,424,427,416,414,789,95,956,930,988,975,893,903,881,864,864,810,1213,1213,2059,1645,29994,2068,29995,29996]} 1. e4 Nf6 {[%cal Bg8f6,Bf6d5,Bd5b6][%mdl 32]} 2. e5 Nd5 3. d4 d6 4. Nf3 Bg4 5. Be2 c6 6. c4 Nb6 7. Ng5 Bxe2 8. Qxe2 dxe5 {B05: Alekhine's Defence: 4 Nf3 Bg4} 9. dxe5 h6 10. Nf3 e6 11. O-O N8d7 12. Nc3 Qc7 {LiveBook: 11 Games} 13. Rd1 (13. Bf4 Be7 14. Nd4 O-O-O 15. Nb3 g5 16. Bg3 {1-0 (60) Schuster,P (2433)-Van Seben,E (2421) LSS email 2009}) 13... a5 $146 ({Predecessor:} 13... Be7 14. a4 a5 15. Be3 Rd8 16. Ne4 O-O 17. Bd4 Bb4 18. b3 Nc8 19. Rd3 Ne7 20. Rad1 Nf5 21. Bb2 Nc5 22. Nd4 Nxd3 {0-1 (22) Van den Haak,G (2142)-Squires,M (2169) ICCF email 2001}) 14. Be3 Bc5 (14... Be7 $14) 15. Ne4 $16 Be7 16. Rd3 O-O 17. Rad1 a4 18. h4 Ra6 {[#]} (18... Rad8 $16) 19. Nd6 $1 $18 Bxd6 (19... Raa8 $142 20. h5 Rad8) 20. Rxd6 ({Don't take} 20. exd6 $6 Qd8 $16) 20... Rfa8 21. Qd2 Nf8 {[#]} 22. Bxh6 $1 {[%mdl 512]} Nxc4 (22... gxh6 23. Qxh6) 23. Qd4 {And now Qg4! would win.} b5 $2 {[#]} (23... f5 {is a better defense.} 24. Qxc4 gxh6) 24. Bxg7 $1 {[%mdl 512]} Kxg7 25. b3 axb3 26. axb3 Nb6 27. Qg4+ Kh8 28. Qh5+ Kg7 29. Qg5+ Kh8 (29... Ng6 $142 30. h5 Qe7) 30. Rd8 $2 (30. Qf6+ $18 {and the rest is easy.} Kg8 31. Rd8) 30... Rxd8 $4 {[%mdl 8192]} (30... Kh7 $16) 31. Rxd8 {Qh6+ would kill now.} Ra1+ 32. Kh2 {White wants to mate with Qh6+.} Nbd7 33. Qe7 Qxd8 34. Qxd8 Rb1 35. Nd4 c5 36. Nxb5 Rxb3 37. Nd6 Kg7 38. Qg5+ (38. Ne8+ $142 Kh7 39. Qg5 Rg3 40. Kxg3 Ng6 41. Qh5+ Kg8 42. Qh6 Ngxe5 43. Qg7#) 38... Kh7 39. Qh5+ {Precision: White = 59%, Black = 27%.} 1-0

[Event "Top 12 FRA-chT 2017"]
[Site "Chartres"]
[Date "2017.05.28"]
[Round "11"]
[White "Laznicka, Viktor"]
[Black "Areshchenko, Alexander"]
[Result "1-0"]
[WhiteElo "2672"]
[BlackElo "2677"]
[Annotator "TA"]
[PlyCount "73"]
[EventDate "2017.??.??"]
[EventType "team-tourn"]
[EventCountry "FRA"]
[SourceTitle "playchess.com"]
[Source "ChessBase"]
[SourceQuality "1"]
[WhiteTeam "Bois-Colombes"]
[BlackTeam "Grasse Echecs"]

{[%evp 13,73,11,30,25,35,35,36,42,43,28,48,48,46,49,49,49,49,49,49,42,49,40,54,0,50,50,87,80,75,83,75,65,84,78,104,109,110,113,141,108,147,147,179,191,227,234,305,297,381,301,400,418,418,397,791,720,5685,2841,29978,29979,29988,29988]} 1. d4 Nf6 2. Bg5 d5 3. e3 c5 4. c3 Nc6 (4... Qb6 5. Qc2 Nc6 6. Nd2 Bg4 7. Be2 Bxe2 8. Nxe2 e6 9. O-O Be7 10. Nf4 O-O 11. Nd3 cxd4 12. exd4 {1-0 (59) Carlsen,M (2840)-Morozevich,A (2676) Doha 2016}) 5. Nd2 cxd4 6. exd4 {D00: 1 d4 d5: Unusual lines} Bf5 7. Ngf3 e6 {LiveBook: 3 Games} (7... h6 $5 {[%cal Rh6g5]} 8. Bf4 e6 $11) 8. Nh4 $146 {White has an edge.} ({Predecessor:} 8. Bb5 Be7 9. Ne5 Qb6 10. Qa4 Rc8 11. O-O h6 {0-1 (45) Chigaev,M (2494)-Moiseenko,A (2692) Wroclaw 2014}) 8... Bg6 9. Nxg6 hxg6 10. Bd3 Be7 11. Qe2 Nh5 12. Bxe7 Qxe7 13. g3 Qc7 14. Nf3 Nf6 15. h4 a6 16. O-O Ne7 17. Ne5 Nd7 18. Nf3 ({White should play} 18. Nxd7 $14 Kxd7 19. Kg2) 18... Nf5 19. Kg2 O-O-O 20. Rac1 Kb8 21. Rfd1 Rhe8 22. Re1 Ka7 23. b3 {[%cal Bb2b3,Bb3c4,Bc4c5][%mdl 32]} Rc8 24. c4 dxc4 25. bxc4 ({Much less strong is} 25. Rxc4 Qb6 $14) 25... Nf6 26. Rb1 Red8 {[#]} 27. Qb2 $1 Rb8 28. Bf1 Rd6 29. c5 Rdd8 30. Qa3 Nd5 31. Rb3 g5 32. hxg5 Rh8 33. Reb1 Qc6 $2 {[#]} (33... f6 34. Qa4 e5) 34. Rb6 $1 $18 {[%mdl 512]} Nxb6 35. cxb6+ Ka8 {[#]} 36. Bxa6 $1 {[%csl Gb1][%cal Ra6b5][%mdl 512]} Qd6 (36... bxa6 37. Qxa6#) 37. Qa4 {Precision: White = 80%, Black = 12%.} 1-0

[Event "Top 12 FRA-chT 2017"]
[Site "Chartres"]
[Date "2017.05.28"]
[Round "11"]
[White "Van Wely, Loek"]
[Black "Bellahcene, Bilel"]
[Result "1-0"]
[WhiteElo "2663"]
[BlackElo "2452"]
[Annotator "TA"]
[PlyCount "45"]
[EventDate "2017.??.??"]
[EventType "team-tourn"]
[EventCountry "FRA"]
[SourceTitle "playchess.com"]
[Source "ChessBase"]
[SourceQuality "1"]
[WhiteTeam "Clichy"]
[BlackTeam "Tremblay-En-France"]

{[%evp 23,45,0,12,0,-13,-4,0,-16,11,-14,-12,-21,0,0,0,0,0,0,0,0,10,10,302,308]} 1. d4 d5 2. c4 e6 3. Nc3 Be7 4. Nf3 Nf6 5. Bg5 h6 6. Bh4 O-O 7. e3 b6 8. Bd3 Bb7 9. O-O Nbd7 10. Qe2 Ne4 11. Bg3 c5 {[%cal Bc7c5,Bc5c4][%mdl 32]} 12. cxd5 exd5 13. Rfd1 {D58: Queen's Gambit Declined: Tartakower Defence} Nxg3 14. hxg3 c4 15. Bc2 {The position is equal.} Re8 {[#]} 16. e4 $146 ({Predecessor:} 16. Ne5 Nxe5 17. dxe5 Bc5 18. f4 b5 19. Kh2 f6 20. Qh5 fxe5 {½-½ (41) Rychagov,A (2525)-Lputian,S (2640) Sochi 2005}) 16... dxe4 17. Ne5 Nxe5 (17... b5 $5) 18. dxe5 {[%cal Bd4e5,Be5e6][%mdl 32]} Qc7 19. Bxe4 Bxe4 20. Qxe4 Bc5 21. Rd5 b5 22. Qf5 {aiming for e6.} Qc6 $2 {[%mdl 8192] [#]} (22... Re6 $11) 23. e6 $1 {[%mdl 512]} 1-0

[Event "Top 12 FRA-chT 2017"]
[Site "Chartres"]
[Date "2017.05.28"]
[Round "11"]
[White "Bachmann, Axel"]
[Black "Kuzubov, Yuriy"]
[Result "1/2-1/2"]
[WhiteElo "2646"]
[BlackElo "2637"]
[Annotator "TA"]
[PlyCount "31"]
[EventDate "2017.??.??"]
[EventType "team-tourn"]
[EventCountry "FRA"]
[SourceTitle "playchess.com"]
[Source "ChessBase"]
[SourceQuality "1"]
[WhiteTeam "Bois-Colombes"]
[BlackTeam "Grasse Echecs"]

{[%evp 14,17,23,-2,6,0]} 1. Nf3 d5 2. g3 Bg4 3. Bg2 Nd7 4. c4 c6 5. cxd5 cxd5 6. O-O e6 7. Nc3 Ngf6 8. d3 Bd6 {A11: English Opening: 1...c6} 9. Bd2 {Predecessor:} O-O $146 10. a3 Re8 11. h3 Bxf3 12. Bxf3 Rc8 13. Rb1 Bb8 14. Bg2 h6 15. b4 d4 16. Na2 {1-0 (44) Loginov,V (2610)-Khropov,B (2240) St Petersburg 1994} 1/2-1/2

[Event "Top 12 FRA-chT 2017"]
[Site "Chartres"]
[Date "2017.05.28"]
[Round "11"]
[White "Lagarde, Maxime"]
[Black "Rozentalis, Eduardas"]
[Result "1-0"]
[WhiteElo "2601"]
[BlackElo "2535"]
[Annotator "TA"]
[PlyCount "81"]
[EventDate "2017.??.??"]
[EventType "team-tourn"]
[EventCountry "FRA"]
[SourceTitle "playchess.com"]
[Source "ChessBase"]
[SourceQuality "1"]
[WhiteTeam "Nice Alekhine"]
[BlackTeam "Strasbourg"]

{[%evp 20,81,32,34,39,44,50,48,39,71,50,45,47,50,40,27,49,25,29,26,39,29,36,36,31,0,0,0,14,0,25,33,14,17,20,35,33,37,27,16,23,22,93,96,122,29,40,62,99,115,103,107,93,77,85,78,93,65,499,496,625,618,579,476]} 1. d4 Nf6 2. c4 e6 3. Nc3 Bb4 4. Bg5 c5 5. d5 Bxc3+ 6. bxc3 d6 7. e3 h6 8. Bh4 e5 9. Bd3 Qe7 10. Ne2 {E31: Nimzo-Indian: Leningrad Variation: 4...h6 5 Bh4 c5 6 d5 d6} Nbd7 11. Ng3 {LiveBook: 7 Games} e4 {[#]} 12. Nxe4 $1 {[%mdl 512] White is slightly better.} g5 (12... Nxe4 13. Bxe7) 13. Nxf6+ Qxf6 14. Bg3 Qxc3+ 15. Kf1 Ne5 16. Be2 Bf5 {[#]} 17. Qe1 $146 ({Predecessor:} 17. Qc1 Qa5 18. Qb2 {1-0 (49) Miles,A (2510)-Peters,J (2370) Lone Pine 1976}) 17... Qa3 18. Qc1 (18. Bxe5 {is more complex.} dxe5 19. e4 Bd7 20. Rb1 O-O-O 21. Qd2) 18... Qxc1+ 19. Rxc1 O-O-O 20. Rc3 Rde8 21. f3 Bd7 22. e4 f5 23. exf5 Bxf5 24. h4 Kc7 25. Re3 Nf7 26. Bf2 Ne5 27. g4 Bg6 28. Bg3 {[#] Threatens to win with hxg5.} Rhf8 29. hxg5 hxg5 30. Rh6 $36 {[%mdl 2048] And now Bxe5 would win. White has some pressure.} Rg8 (30... Bb1 $11) 31. Kf2 $16 Kd8 32. f4 ({White should try} 32. Bxe5 $1 $16 Rxe5 33. Rxe5 dxe5 34. Ke3) 32... gxf4 $11 33. Bxf4 Nf7 34. Rxe8+ Kxe8 35. Rh3 Kd7 36. Rb3 Kc7 37. Re3 Kd7 38. Bd1 Bb1 $2 {[%mdl 8192]} (38... Kd8 $14) 39. Rb3 $1 $18 {[%csl LRb1,LRb7] White is clearly winning.} Bxa2 40. Rxb7+ Ke8 41. Be2 {Precision: White = 69%, Black = 45%.} 1-0

[Event "Top 12 FRA-chT 2017"]
[Site "Chartres"]
[Date "2017.05.28"]
[Round "11"]
[White "Stevic, Hrvoje"]
[Black "Sebag, Marie"]
[Result "1-0"]
[WhiteElo "2600"]
[BlackElo "2488"]
[Annotator "TA"]
[PlyCount "69"]
[EventDate "2017.??.??"]
[EventType "team-tourn"]
[EventCountry "FRA"]
[SourceTitle "playchess.com"]
[Source "ChessBase"]
[SourceQuality "1"]
[WhiteTeam "Nice Alekhine"]
[BlackTeam "Strasbourg"]

{[%evp 14,69,53,42,43,43,38,30,14,14,21,0,0,0,0,0,0,0,0,-5,0,0,7,8,13,18,13,11,96,101,129,131,137,143,138,157,203,239,281,292,470,497,512,518,632,646,618,638,29979,29980,6004,5927,5497,5466,29989,29990,29990,29991]} 1. e4 c5 2. c3 d5 3. exd5 Qxd5 4. d4 Nc6 5. Nf3 Bf5 6. Be3 Nf6 {B22: Sicilian: 2 c3} 7. Na3 (7. Qb3 cxd4 8. Nxd4 Nxd4 9. Bxd4 a6 10. Nd2 e6 11. Be2 O-O-O 12. Nc4 Bc5 13. O-O Be4 14. Rfd1 {1-0 (32) Jones,G (2676)-Pichot,A (2556) Sharjah 2017}) 7... e6 8. Qa4 {LiveBook: 7 Games} a6 {White is slightly better.} 9. Bc4 Qd7 10. dxc5 Ne4 11. Rd1 Qc8 12. Nh4 (12. Ne5 $5) 12... Nxc5 13. Bxc5 Bxc5 14. Nxf5 exf5 15. Bd5 $146 O-O 16. O-O b5 17. Qf4 Ra7 18. Nc2 {[%cal Ba3c2,Bc2e3,Be3d5][%mdl 32]} g6 19. b4 $36 {[%mdl 2048] White fights for an advantage.} Be7 20. Qe3 f4 (20... Rc7 $11) 21. Qxf4 $16 {Black must now prevent Qe3.} Qc7 22. Qe4 Ne5 23. Ne3 {And now f4 would win.} Bf6 24. Bb3 Kg7 25. Nd5 Qc6 26. Rfe1 Nd7 $2 (26... Nc4 {is a better defense.} 27. Nxf6 Qxf6 28. Bxc4 bxc4 29. Qxc4 Raa8) 27. Nxf6 $18 Qxf6 28. Qe7 Qc6 29. Re3 Qc7 30. Rd6 Nb8 31. Qf6+ Kg8 32. h4 {[%cal Bh2h4,Bh4h5][%mdl 32]} Nd7 33. Qd4 Nb8 {[#]} 34. h5 $1 {[%mdl 512]} Nc6 {[#]} (34... gxh5 35. Rg3#) 35. Rxc6 $1 {[%mdl 512] Precision: White = 89%, Black = 39%.} 1-0

[Event "Top 12 FRA-chT 2017"]
[Site "Chartres"]
[Date "2017.05.28"]
[Round "11"]
[White "Baklan, Vladimir"]
[Black "Gharamian, Tigran"]
[Result "1/2-1/2"]
[WhiteElo "2594"]
[BlackElo "2626"]
[Annotator "TA"]
[PlyCount "79"]
[EventDate "2017.??.??"]
[EventType "team-tourn"]
[EventCountry "FRA"]
[SourceTitle "playchess.com"]
[Source "ChessBase"]
[SourceQuality "1"]
[WhiteTeam "Strasbourg"]
[BlackTeam "Nice Alekhine"]

{[%evp 9,79,23,22,16,20,10,14,4,13,0,11,19,23,20,40,27,45,45,75,79,83,73,80,68,74,69,75,74,71,79,90,87,91,98,98,82,92,59,59,45,54,61,61,57,99,54,64,42,72,22,16,10,11,3,15,12,38,0,0,0,0,0,4,0,25,0,0,0,0,0,0,0]} 1. e4 e5 2. Nf3 Nc6 3. Bb5 Nf6 4. d3 Bc5 5. Bxc6 dxc6 6. Nbd2 {C65: Ruy Lopez: Berlin Defence (3...Nf6), unusual lines and 4 0-0 Bc5} Be6 7. Qe2 Nd7 8. b3 Bd6 9. Bb2 c5 10. Nc4 {[%cal Rc4e5]} Bxc4 $146 ({Predecessor:} 10... f6 11. Nh4 g6 12. O-O Qe7 13. Nxd6+ cxd6 {½-½ (56) Gharamian,T (2626)-Anand,V (2776) Bastia 2016}) 11. bxc4 O-O 12. O-O b6 13. g3 f5 14. exf5 Rxf5 15. Qe4 Qf8 16. Kg2 Re8 17. Rae1 Re7 18. Nd2 Ref7 19. f3 Qd8 20. Qb7 a5 21. Ne4 {Hoping for g4.} h5 22. h4 Be7 23. Bc1 Nf8 24. Qc6 Qd7 25. Qxd7 Nxd7 26. Nc3 Bd8 27. f4 exf4 28. Rxf4 Re5 29. Rxf7 Kxf7 30. Rf1+ Nf6 31. Bg5 (31. Ne4 $5) 31... Kg6 32. Rb1 Re8 33. Bf4 Ng4 34. Kf3 Nh2+ 35. Kg2 Ng4 36. Ne4 Re6 37. Kf3 Ne5+ {The position is equal.} 38. Bxe5 Rxe5 39. Ke3 Rf5 40. c3 {Precision: White = 54%, Black = 52%.} 1/2-1/2

[Event "Top 12 FRA-chT 2017"]
[Site "Chartres"]
[Date "2017.05.28"]
[Round "11"]
[White "Tregubov, Pavel V"]
[Black "Milov, Vadim"]
[Result "1-0"]
[WhiteElo "2584"]
[BlackElo "2604"]
[Annotator "TA"]
[PlyCount "73"]
[EventDate "2017.??.??"]
[EventType "team-tourn"]
[EventCountry "FRA"]
[SourceTitle "playchess.com"]
[Source "ChessBase"]
[SourceQuality "1"]
[WhiteTeam "Clichy"]
[BlackTeam "Tremblay-En-France"]

{[%evp 14,73,29,20,54,31,81,93,75,85,122,100,119,122,120,89,120,118,134,115,118,110,108,112,112,106,149,142,153,137,145,59,45,31,79,54,92,70,249,232,318,323,348,259,392,379,388,349,327,309,314,309,404,411,372,377,379,351,870,884,820,797]} 1. d4 Nf6 2. c4 g6 3. g3 Bg7 4. Bg2 O-O 5. Nc3 d6 6. Nf3 Nc6 7. O-O Rb8 8. Bf4 {LiveBook: 63 Games. E62: King's Indian: Fianchetto: 6...c6 and Panno Variation (6...Nc6) without ...a6} (8. d5 Na5 9. Nd2 c6 10. b4 Nxc4 11. Nxc4 Nxd5 12. Nxd5 Bxa1 13. Nf4 Bg7 14. e4 e5 15. Nd3 Be6 16. Qc2 {½-½ (33) Mamedyarov,S (2747)-Jones,G (2645) Reykjavik 2016}) 8... Bd7 9. Rc1 h6 10. d5 $146 {White is better.} ({Predecessor:} 10. h3 g5 11. Be3 Nh5 12. d5 Ne5 13. Nxe5 dxe5 14. Bxa7 Ra8 15. Bc5 f5 {½-½ (71) Bennett,O (1695)-McLaren,T (1521) Cardiff 2015}) 10... Na5 11. b3 c5 12. e4 a6 13. e5 Ne8 14. Re1 Bg4 15. h3 Bxf3 16. Qxf3 b5 17. cxb5 axb5 18. h4 b4 19. Na4 {[%cal Bc3a4,Ba4b6,Bb6c4,Bc4d6,Bd6e4][%mdl 32]} Nc7 20. Qe3 h5 21. Qd3 Nb7 22. exd6 (22. e6 $16) 22... exd6 $14 23. Nb6 $36 {[%mdl 2048] White has some pressure.} Ne8 24. Nc4 Ra8 25. Re2 (25. Rc2 {is more complex.} Bd4 26. Rce2 Bf6 27. Bh3 Ng7 28. Rc2) 25... Na5 $2 {[#]} ({Black should try} 25... Nf6 $14) 26. Rxe8 $1 $18 Rxe8 27. Nxd6 Re7 28. Ne4 (28. Rxc5 Qb6 $16) 28... Nc6 (28... Be5 $142 29. Bg5 (29. Nxc5 Bxf4 30. gxf4 Rc8 $11) 29... Nb7) 29. Bg5 Ne5 30. Qd1 Qf8 31. Bxe7 ({Not} 31. Rxc5 Rea7 $11) 31... Qxe7 32. d6 ({Don't do} 32. Nxc5 $6 Rxa2 33. d6 Qf6 $18) ({But not} 32. Rxc5 Qa7) 32... Qa7 33. Rxc5 Rd8 34. Qc2 Qd7 35. Rd5 Qf5 $2 {[#]} (35... Qe8 36. Qd2 Nc6) 36. f4 Rc8 37. Qd1 {Precision: White = 66%, Black = 35%.} 1-0

[Event "Top 12 FRA-chT 2017"]
[Site "Chartres"]
[Date "2017.05.28"]
[Round "11"]
[White "Solodovnichenko, Yuri"]
[Black "Brochet, Philippe"]
[Result "1-0"]
[WhiteElo "2576"]
[BlackElo "2409"]
[Annotator "TA"]
[PlyCount "61"]
[EventDate "2017.??.??"]
[EventType "team-tourn"]
[EventCountry "FRA"]
[SourceTitle "playchess.com"]
[Source "ChessBase"]
[SourceQuality "1"]
[WhiteTeam "Vandoeuvre"]
[BlackTeam "Montpellier"]

{[%evp 14,61,48,49,47,0,41,41,71,72,66,60,66,60,75,71,131,129,135,87,92,95,190,191,180,182,256,256,243,250,247,246,281,277,373,348,419,421,557,500,622,541,898,868,1029,979,1390,1403,29955,6253]} 1. e4 c5 2. Nf3 d6 3. d4 Nf6 4. Nc3 cxd4 5. Nxd4 Nc6 6. Bg5 Bd7 7. Bxf6 gxf6 8. Nf5 Rg8 {B60: Sicilian: Richter-Rauzer: Unusual Black 6th moves and 6...Bd7 without 7 Qd2} (8... Bxf5 9. exf5 Qa5 10. Bb5 a6 11. Bxc6+ bxc6 12. Qf3 Qe5+ 13. Ne2 Qd5 14. Qxd5 cxd5 15. Nf4 Rc8 16. Nxd5 Rxc2 {1-0 (49) Solodovnichenko,Y (2587)-Shanava,K (2526) Konya 2016}) 9. Qd2 Bxf5 10. exf5 Qa5 {White is slightly better.} 11. Nd5 {aiming for Qxa5.} Qxd2+ 12. Kxd2 {Threatens to win with Nc7+.} Kd7 $146 ({Predecessor:} 12... Bh6+ 13. f4 Kd7 14. g3 Bg7 15. Rd1 e6 16. Nc3 {1-0 (25) Garbett,P (2310)-Cornford,L New Zeeland 1984}) 13. g3 h5 14. Re1 Bh6+ {[#]} (14... Bg7 $142) 15. Kd1 $1 $16 Rae8 16. Bb5 {Rxe7+! is the strong threat.} Rg5 17. Bd3 a6 (17... Ne5 $16 {was worth a try.}) 18. h4 $18 Rg4 19. c3 Nd4 (19... Kd8 $142 20. Be2 Ra4) 20. Be4 ({Don't do} 20. Rxe7+ $6 Rxe7 21. Nxf6+ (21. Nxe7 Kxe7 22. cxd4 Rxd4 $16) 21... Kc6 $16) 20... Nc6 21. Bf3 Rg7 22. Bxh5 Ne5 23. Kc2 b5 24. Re4 Kc6 25. Rd1 a5 26. f4 Nc4 27. g4 {[%cal Bg3g4,Bg4g5][%mdl 32]} e6 28. Nxf6 Rf8 29. g5 exf5 30. Re7 Rh8 31. Bf3+ {Precision: White = 89%, Black = 16%.} 1-0